| 000 | 00619cam a2200205 a 4500 | ||
|---|---|---|---|
| 001 | 000008470 | ||
| 005 | 20200929161340.0 | ||
| 008 | 970916s1997 ec 000 f spa | ||
| 020 | _a9978951091 | ||
| 040 |
_aDO-SdBNP _cDLC |
||
| 082 |
_aE863.44 _bR618l |
||
| 100 | 1 |
_aRivas Iturralde, Vladimiro. _d1944- _922778 |
|
| 245 | 1 | 3 |
_aEl Legado del tigre : _bnovela / _cVladimiro Rivas. |
| 260 |
_aQuito, Ecuador : _bEskeletral, _c1997. |
||
| 300 |
_a141 p. ; _c21 cm. |
||
| 650 | 4 |
_aNovela ecuatoriana _95017 |
|
| 650 | 4 |
_aLiteratura ecuatoriana _93938 |
|
| 710 | 2 |
_aEl conejo _922779 |
|
| 910 | _aCatalogación por copia / LC | ||
| 999 |
_c8241 _d8241 |
||